000 00602nam a22002297a 4500
003 UA-OsUOA
001 96285
007 ta
008 20130318b un ||||| |||| 00| 0 ukr d
100 _aМалик В.К.
090 _a821.161.2
_bМ19
942 _cBK
040 _aUA-OsUOA
_brus
_cUA-OsUOA
_dUA-OsUOA
245 _aТайный посол
_bроман
_cТ.2
300 _a558 с.
955 _a3
041 _arus
080 _a821.161.2
260 _aХарьков
_bПрапор
_c1989
650 7 _a82 Література. Літературознавство
_2UDC
999 _c382540
_d382540